Futbol camiası (Record no. 3549)

MARC details
000 -BAŞLIK
Sabit Uzunlukta Kontrol Alanı 00834na a2200265 4500
001 - KONTROL NUMARASI
Denetim Alanı 23070
003 - KONTROL NUMARASI IDENTIFIER
Denetim Alanı MIRAKIL
005 - SON İŞLEM TARİHİ VE ZAMANI
Denetim Alanı 20181213154935.0
008 - SABİT-BOY VERİ ELEMANLARI - GENEL BİLGİLER
Sabit Uzunlukta Kontrol Alanı 170601b tu 000 0
040 ## - KATALOGLAMA KAYNAK
Orijinal Kataloglama Ajansı Milas
Kataloglama Dili tur
Metne Dönüştürmek Ajansı TR-AnCHP
041 ## - DİL KODU
Metin / Ses Parça Veya Ayrı Başlığın Dil Kodu tur
082 ## - DEWEY ONLU SINIFLANDIRMA NUMARASI
Sınıflandırma Numarası CHP 342.03
Ürün Numarası F87 2017
090 ## - SINIFLAMA NUMARASI
Sınıflama Numarası CHP 342.03 F87 2017
222 ## - ANAHTAR ADI
Anahtar Başlık 2017 Anayasa Değişikliği
245 ## - BAŞLIK TABLOSU
Başlık Futbol camiası
Başlığın Kalan Egemenlik milletindir saltanatın değil
-- Hayır
Sorumluluk Tablosu, Vb CHP
246 ## - UNVAN FORM VARYING
Başlık Doğru / Kısa Başlığı Egemenlik milletindir saltanatın değil
260 ## - YAYIN, DAĞITIM, VB
Yayın, Dağıtım, Vb Yeri Ankara
Yayıncı, Dağıtıcı, Vs Adı CHP
Yayın, Dağıtım, Vb Tarihi 2017
300 ## - FİZİKSEL TANIM
Kapsam 16 s.
Diğer Fiziksel Ayrıntıları fotğ.
Boyutlar 21 sm.
610 ## - KONU KATMA GİRİŞ - TOPLANTI ADI
Giriş Elemanı Olarak Kurumsal Ad Veya Yargı Alanı Adı CHP
Genel Alt Bölüm Anayasa, 2017
Kronolojik Alt Bölüm Futbol camiası
650 ## - KONU KATMA GİRİŞ - TOPİKAL DÖNEM
Topikal Süreli Veya Coğrafi Ad Giriş Elemanı Türkiye
Genel Alt Bölümü Anayasa, 2017
Kronolojik Alt Bölümü Futbol camiası
650 ## - KONU KATMA GİRİŞ - TOPİKAL DÖNEM
Topikal Süreli Veya Coğrafi Ad Giriş Elemanı Türkiye
Genel Alt Bölümü Anayasa, 2017
Kronolojik Alt Bölümü Değişikliği
740 ## - KATMA GİRİŞ - KONTROLSUZ İLGİLİ / ANALİTİK BAŞLIK
Kontrol Edilmeyen / İlgili Analitik Başlıktaki Hayır
740 ## - KATMA GİRİŞ - KONTROLSUZ İLGİLİ / ANALİTİK BAŞLIK
Kontrol Edilmeyen / İlgili Analitik Başlıktaki Egemenlik milletindir saltanatın değil
942 ## - EKLENDİ GİRİŞ ELEMANLARI (KOHA)
Sınıflandırma Veya Raf Düzeni Kaynak Dewey Decimal Classification
Koha Öğesi Türü Books
999 ## - SİSTEM KONTROL NUMARALARI (KOHA)
Koha Biblionumber 3549
Koha Biblioitemnumber 3549
Holdings
Kalıcı Konum Mevcut Konum Edinme Tarihi Edinim Kaynak Toplam Check-Out'Lar Tam Çağrı Numarası Barkod Tarih Son Görülme İtibaren Geçerli Fiyatlar Koha Öğesi Türü
CHP Kütüphanesi CHP Kütüphanesi 06/01/2017 Bağış   CHP 342.03 F87 2017 017039 06/01/2017 06/01/2017 Books